Leaders of Israel from Biblical Times to the Present - Statistics

General Stats
  • This quiz has been taken 160 times
    76 since last reset
  • The average score is 20 of 79
Answer Stats
Prime Minister Answer Rule % Correct
King of United Monarchy David 1010-971 BC
92%
King of United Monarchy Solomon 971-931 BC
78%
King of United Monarchy Saul 1049-1010 BC
76%
Prime Minister Benyamin Netanyahu 1996-1999
65%
Prime Minister Benyamin Netanyahu 2009-2021
65%
Prime Minister Benyamin Netanyahu 2022-Present
65%
Chairman of the Executive of the Jewish Agency for Israel David Ben-Gurion 1935-1948
57%
Chairman of the Provisional State Council of Israel David Ben-Gurion 1948
57%
Prime Minister David Ben-Gurion 1948-1954
57%
Prime Minister David Ben-Gurion 1955-1963
57%
Prime Minister Golda Meir 1969-1974
57%
Leader Joshua Unknown
57%
Judge Samuel 1060-1031 BC
51%
King of Judea Herod 37-4 BC
49%
King of Judea Herod Archelaus 4 BC - 6 AD
49%
Judge Samson 1069-1049 BC
45%
Prime Minister Yitzhak Rabin 1974-1977
45%
Prime Minister Yitzhak Rabin 1992-1995
45%
Prime Minister Menachem Begin 1977-1983
39%
Prime Minister Naftali Bennett 2021-2022
39%
Prime Minister Shimon Peres 1984-1986
37%
Prime Minister Shimon Peres 1995-1996
37%
Prime Minister Yair Lapid 2022
37%
Prime Minister Ariel Sharon 2001-2006
35%
Prime Minister Ehud Barak 1999-2001
33%
Judge1 Gideon 1172-1133 BC
31%
King of United Monarchy Rehoboam 931-915 BC
31%
Prime Minister Yitzhak Shamir 1983-1984
31%
Prime Minister Yitzhak Shamir 1986-1992
31%
Prime Minister Levi Eshkol 1963-1969
27%
Judge1 Deborah 1217-1178 BC
24%
Judge Eli 1099-1060 BC
24%
King of Judah Hezekiah 715-687 BC
22%
King of Judah Josiah 640-609 BC
22%
Hasmonean King Simon Maccabaeus 140-135 BC
22%
King of Judah Ahaz 735-715 BC
18%
Judge1 Ehud 1315-1226 BC
18%
Prime Minister Ehud Olmert 2006-2009
18%
Hasmonean King Jonathan Maccabaeus 161-143 BC
18%
Prime Minister Moshe Sharett 1954-1955
18%
King1 Abimelech 1133-1131 BC
16%
King of Judah Asa 912-871 BC
16%
King of Judah Amon 642-640 BC
14%
King of United Monarchy Ish-bosheth 1010-1008 BC
14%
King of Judah Uzziah 776-736 BC
14%
King of Judah Zedekiah 597-586 BC
14%
King of Judah Abijah 915-912 BC
12%
Judge Ibzan 1083-1077 BC
12%
King of Judah Jehoash 841-796 BC
12%
King of Judah Jehoiakim 609-598 BC
12%
King of Judah Jehoram 849-842 BC
12%
King of Judah Manasseh 687-642 BC
12%
Judge1 Shamgar During Above
12%
King of Judea Agrippa I 41-44 AD
10%
King of Judah Ahaziah 842-841 BC
10%
2King of Judah Athaliah (Queen) 841-835 BC
10%
Judge Elon 1077-1068 BC
10%
King of Judah Jotham 750-735 BC
10%
King of Judah Amaziah 796-776 BC
8%
Judge Jair 1109-1088 BC
8%
King of Judah Jehoshaphat 871-849 BC
8%
Judge1 Othniel 1371-1332 BC
8%
Judge Tola 1131-1109 BC
8%
Judge Abdon 1068-1061 BC
6%
King of Judah Jehoahaz 609 BC
6%
Prime Minister Yigal Allon (Acting) 1969
6%
Hasmonean King Aristobulus 104-103 BC
4%
Hasmonean King Aristobulus II 66-63 BC
4%
Hasmonean King John Hyrcanus I 134-104 BC
4%
Hasmonean King Hyrcanus II 67-66 BC
2%
Hasmonean King Hyrcanus II 63-40 BC
2%
Hasmonean King Salome Alexandra 76-67 BC
2%
Hasmonean King Alexander Jannaeus 103-76 BC
0%
Hasmonean King Antigonus 40-37 BC
0%
Chairman of the Executive of the Jewish Agency for Israel Arthur Ruppin 1933-1935
0%
Chairman of the Executive of the Jewish Agency for Israel Frederick Kisch 1923-1931
0%
Chairman of the Executive of the Jewish Agency for Israel Haim Arlosoroff 1931-1933
0%
King of Judah Jeconiah 598-597 BC
0%
Judge Jepthah 1088-1083 BC
0%
No matching quizzes found
Score Distribution
Percent of People with Each Score
Percentile by Number Answered
Your Score History
You have not taken this quiz since the last reset